Depresie u žien a mužov (rodové rozdiely) : [zborník referátov - sympózium Korfu (Grécko)], 5.-9. októbra 2000

Bibliographic Details
Main Authors: Kořínková, Viera, 1950- (Adapter), Novotný, Vladimír, 1946-2012 (Adapter)
Format: Book
Language:Slovak
PhysicalDescription:76 s. sch., tab. 21 cm
Published: Nové Zámky Psychoprof 2001
ISBN:8096808389
Edition:[1. vyd.]
Subjects:

MARC

LEADER 00000cam a2200000 a 4500
001 vtls001444151
003 SK-MaSNL
005 20260413141120.0
008 240226s2001 xo fr 100 s slo
015 |a SNBA2003/04-01191 
020 |a 8096808389 
035 |a SNK000399376 
035 |a urn:nbn:sk:snk-amk3n1 
035 |a urn:nbn:sk:snk-am005d08 
035 |a 1E77A880-906C-45E3-8F3C-BA3CD6592EF3 
040 |a SNK  |b slo  |c SNK  |e AACR2 
041 0 |a slo 
044 |a xo  |c SK 
072 7 |a 616  |x Patológia. Klinická medicína  |2 konspekt 
080 |a 616.895.4  |2 1981 
080 |a (082)  |2 1981 
245 0 0 |a Depresie u žien a mužov  |b (rodové rozdiely) : [zborník referátov - sympózium Korfu (Grécko)], 5.-9. októbra 2000  |c eds. Viera Kořínková, Vladimír Novotný 
250 |a [1. vyd.] 
260 |a Nové Zámky  |b Psychoprof  |c 2001 
300 |a 76 s.  |b sch., tab.  |c 21 cm 
504 |a Bibliogr. odkazy. 
650 0 7 |a depresie  |2 SNKPH  |9 30104 
655 7 |a zborníky konferencií  |2 SNKPH  |9 70153 
700 1 |a Kořínková, Viera,  |d 1950-  |4 adp  |9 1636782 
700 1 |a Novotný, Vladimír,  |d 1946-2012  |4 adp  |9 201645 
852 |a Slovenská národná knižnica 
919 |a 80-968083-8-9 
958 |a TL 
958 |a NB 
958 |a OND 
999 |c 900950  |d 902880 
952 |t P60, <03>, [BOOK], {603}  |a SNK  |b SNK  |y PREZ  |7 0  |p 17A0363668  |o snkSC 109844  |i snkKSP 13924/2002  |0 0  |1 0  |4 0  |d 2002-11-14  |f 1  |l 0  |r 2025-09-30 00:00:00  |w 2026-02-24 
952 |t P60, <04>, [BOOK], {604}  |a SNK  |b SNK  |y VYP  |7 0  |p 17A0398925  |o snkSC 109844 D2  |i snkKSP 12526/2003  |0 0  |1 0  |4 0  |d 2003-09-25  |l 0  |r 2005-01-02 00:00:00  |w 2026-02-24 
952 |t snkDEP 616.89  |a SNKUST  |b SNKUST  |y PREZ  |7 0  |p 17A0363669  |o snkSC 109844 D1  |i snkKSP 13925/2002  |0 0  |1 0  |4 0  |d 2002-11-14  |l 0  |r 2025-04-30 00:00:00  |w 2026-02-24